000 00479nam a2200169Ia 4500
008 090201s9999 xx 000 0 und d
010 _aKPL-40843
040 _bमराठी
041 _aमराठी
082 _a29298
_b40843
100 _aशालिनी वाळिंबे
245 _aधडक
_cशालिनी वाळिंबे
260 _c2004
_bउदय दिप
300 _a208
_bमोठा
600 _aधडक
942 _cBOOK
999 _c227914
_d227914